European Countries with the Highest Incarceration Rate - Statistics

General Stats
  • This quiz has been taken 164 times
  • The average score is 8 of 10
Answer Stats
Rate* Country % Correct
316 Russia
95%
364 Belarus
91%
194 Poland
91%
191 Slovakia
80%
195 Estonia
78%
195 Latvia
76%
235 Lithuania
76%
212 Moldova
76%
188 Albania
75%
205 Czech Republic
67%
No matching quizzes found
Score Distribution
Percent of People with Each Score
Percentile by Number Answered
Your Score History
You have not taken this quiz